000 00358cam a22001217a 4500
008 180718b1960 xxu||||| |||| 00| 0 eng d
082 _aL2703x5442 G959
100 _aGupte, K.S.
245 _aBombay sales tax act, 1959
_cby K.S. Gupte
260 _aPoona
_bWestern Indian Law Printing Press
_c1960
300 _av.p.
650 _aSales Tax Act --India --Bombay
999 _c434859
_d434859